• 首页
  • 本馆介绍
  • 公告通知
  • 最新文献
  • 馆藏检索
  • 电子资源
  • 读者导购
  • 参考咨询
  • 我的图书馆
  • 登录
  • 详细信息显示
  • 放入我的书架
  • 预约/预借图书
  • 作者相关作品
  • 分类相关作品
  • 丛书相关作品
  • 出版社相关作品

书目信息

  • 表格格式
  • 工作单格式
  • 卡片格式
题名:
微波电子线路
    
 
作者: 黄香馥 编
分册:  
出版信息: 北京   国防工业出版社  1980
页数: 348页
开本: 19cm
丛书名:
单 册:
中图分类: TN12
科图分类:
主题词: 微波管-电子电路 , 电子电路-微波管
电子资源:
ISBN:
000 00628nam0 2200241 45
001 0180005950
005 20060820152822.71
010    @dCNY2.25
091    @a15024.1998
100    @a19950510d1980 emky0chiy0121 ea
101 0  @achi
102    @aCN@b110000
105    @ay z 000yy
200 10 @a微波电子线路@Awei bo dian zi xian lu@f黄香馥编
210    @a北京@c国防工业出版社@d1980
215    @a348页@d19cm
606    @a微波管-电子电路
606    @a电子电路-微波管
690    @aTN12@v3 
701  0 @a黄香馥@Ahuang xiang fu@4编
801  0 @aCN@bTSSF@c20060820
801  2 @aCN@bNLC@c20060812
905    @a10447@dTN12@e17
    
    微波电子线路/黄香馥编.-北京:国防工业出版社,1980
    348页;19cm
    
    
    ISBN :CNY2.25
    
●
相关链接 在E读中查询图书 在五车中查询图书 在当当中查询图书 在豆瓣中查询图书


正题名:微波电子线路     索取号:TN12/17         预约/预借

序号 登录号 条形码 馆藏地/架位号 状态 备注
1 0452392   204523925   密集书库/ [索取号:TN12/17] 在馆    
2 0452393   204523934   密集书库/ [索取号:TN12/17] 在馆    
3 0452394   204523943   密集书库/ [索取号:TN12/17] 在馆    
4 0470435   204704356   密集书库/ [索取号:TN12/17] 在馆    
5 0470436   204704365   密集书库/ [索取号:TN12/17] 在馆    
唐山师范学院图书馆 欢迎您!
大连网信软件有限公司© 版权所有